| 000 | 00716cam a22002413a 4500 | ||
|---|---|---|---|
| 001 | 33202 | ||
| 003 | PGUSA | ||
| 005 | 20140828083722.0 | ||
| 008 | 100719s2010||||xxu|||||s|||||000 | eng d | ||
| 040 |
_aPGUSA _beng |
||
| 042 | _adc | ||
| 050 | 4 | _aQA | |
| 100 | 1 |
_aSchoenflies, A. _q(Arthur), _d1853-1928 |
|
| 245 | 1 | 0 |
_aEinführung in die Hauptgesetze der Zeichnerischen Darstellungsmethoden _h[electronic resource] / _cA. Schoenflies |
| 260 |
_bProject Gutenberg, _c2010 |
||
| 506 | _aPublic domain in the USA. | ||
| 516 | _aElectronic text | ||
| 653 | _aGeometrical drawing | ||
| 653 | _aPerspective | ||
| 830 | 0 |
_aProject Gutenberg _v33202 |
|
| 856 | 4 | 0 | _uhttp://www.gutenberg.org/ebooks/33202 |
| 942 | _cEB | ||
| 999 |
_c262457 _d262457 |
||